Οδύσσεια
Αποθηκεύτηκε σε:
| Κύριος συγγραφέας: | |
|---|---|
| Άλλοι συγγραφείς: | |
| Μορφή: | Βιβλίο |
| Γλώσσα: | Greek |
| Δημοσίευση: |
Αθήνα :
[χ.ό],
1979.
|
| Θέματα: | |
| Ετικέτες: |
Προσθήκη ετικέτας
Δεν υπάρχουν, Καταχωρήστε ετικέτα πρώτοι!
|
MARC
| LEADER | 00000nam a2200000 i 4500 | ||
|---|---|---|---|
| 001 | 1/53247 | ||
| 008 | 941103s1979 gr ||| gre|| | ||
| 035 | |a 1994 |c ΔΩΡΕΑ |l 10044656 | ||
| 040 | |a GR-My-Ua |b gre |e aacr | ||
| 041 | 0 | |a gre | |
| 082 | 0 | |a 881.1 | |
| 100 | 1 | |a Όμηρος |d 8ος αι. π.Χ. | |
| 245 | 1 | 0 | |a Οδύσσεια / |c Ομηρος ; μετάφραση Γεωργίου Ψυχουντάκη. |
| 260 | |a Αθήνα : |b [χ.ό], |c 1979. | ||
| 300 | |a 407 σ. ; |c 26 εκ. | ||
| 600 | 1 | 0 | |a Όμηρος |d 8ος αι. π.Χ. |
| 650 | 0 | 0 | |a Greek poetry. |
| 650 | 0 | 0 | |a Epic poetry, Greek. |
| 700 | 1 | |a Ψυχουντάκης, Γεώργιος |d 1920-2006, |e trl | |
| 852 | |a INST |b SAMOS |e 19941103 |h 881.1 ΟΜΗ |p 005300000563 |q 005300000563 |t BK |y 0 | ||
| 909 | |a Σ |b 027855 | ||